|
|
|
|
| LEADER |
00000cam a2200000 7i4500 |
| 001 |
0000000495 |
| 005 |
20000823.0 |
| 090 |
0 |
0 |
|a 674.109595
|b ONE [1987]
|
| 245 |
0 |
0 |
|a 100 Malaysian timbers
|
| 260 |
0 |
0 |
|a Kuala Lumpur :
|b Lembaga Perindustrian Kayu Malaysia ,
|c [1987]
|
| 300 |
|
|
|a x, 222 p. :
|b col. plates ;
|c 30 cm.
|
| 500 |
0 |
0 |
|a Bibliography: [p. 223-226]
|
| 650 |
0 |
0 |
|a Timber
|z Malaysia
|x Classification
|
| 650 |
0 |
0 |
|a Wood
|z Malaysia
|x Classification
|
| 710 |
1 |
1 |
|a Lembaga Perindustrian Kayu Malaysia
|
| 745 |
0 |
0 |
|a One hundred Malaysian timbers
|
| 999 |
|
|
|a 0000000082
|b Monograph
|c Open Shelf
|e Default branch
|